| 000 | 00431nam a2200181Ia 4500 | ||
|---|---|---|---|
| 005 | 20250423094450.0 | ||
| 008 | 250422s9999 xx 000 0 und d | ||
| 020 | _a9789756659366 | ||
| 050 | _aPS 3603 .R66 .A61/ | ||
| 100 | _aMontgomery, L.M. | ||
| 245 | 0 | _aAnne of green gables | |
| 260 | _aAnkara | ||
| 260 | _bKapadokya ELT. | ||
| 260 | _c2010 | ||
| 300 | _a48 p | ||
| 650 | _aEnglish literature_Fiction | ||
| 942 | _cBK | ||
| 999 |
_c27322 _d27322 |
||